A moins de 1000 km de Paris (Mort subite) - Statistiques

Statistiques générales
  • Ce quiz a été pris 363 fois
  • Le résultat moyen est 3 sur 10
Answers on the Grid
Answers color-coded by a green-red scale on the quiz's grid according to % correct below.
Prague
Glasgow
Monaco
Bastia
Belfast
Ljubljana
Saint-Marin
Hambourg
Venise
Berlin
Ibiza
Zagreb
Cagliari
Madrid
Bratislava
Rome
Valence (Espagne)
Budapest
Copenhague
Porto
 
Statistiques - réponses
Réponse % Correct
690 Monaco
65%
878 Berlin
50%
877 Bastia
28%
748 Hambourg
27%
844 Venise
23%
898 Glasgow
19%
855 Belfast
18%
882 Prague
17%
947 Saint-Marin
12%
964 Ljubljana
6%
Aucun quiz correspondant
Distribution des résultats
% des personnes avec chaque résultat
Percentile par nombre de réponses
Votre historique - résultats
Vous n’avez pas pris ce quiz